logo

Bir Sreshtho Munshi Abdur Rouf Library
Jhenaidah Cadet College

মুদ্রাতত্ত্ব ব্যাঙ্কিং ( সরকারী অর্থব্যবস্থা ও আন্তর্জাতিক অর্থনীতি) / (Record no. 9760)

MARC details
000 -LEADER
fixed length control field 00755nam a22002057a 4500
003 - CONTROL NUMBER IDENTIFIER
JCCL marc code BD-JhCC
005 - DATE AND TIME OF LATEST TRANSACTION
control field 20180325131813.0
008 - FIXED-LENGTH DATA ELEMENTS--GENERAL INFORMATION
fixed length control field 180325b1982 bg ||||| |||| 00| 0 ben d
035 ## - SYSTEM CONTROL NUMBER
system control number (BD-JhCC)
040 ## - CATALOGING SOURCE
Original cataloging agency BD-JhCC
Modifying agency BD-JhCC
041 ## - LANGUAGE CODE
Language code of Book ben
082 ## - DEWEY DECIMAL CLASSIFICATION NUMBER
Classification number 337
Author mark and Year KHA 1982
100 ## - MAIN ENTRY--PERSONAL NAME
Personal name খান, জি.আর
245 ## - TITLE STATEMENT
Title মুদ্রাতত্ত্ব ব্যাঙ্কিং ( সরকারী অর্থব্যবস্থা ও আন্তর্জাতিক অর্থনীতি) /
Statement of responsibility, etc জি.আর খান
260 ## - PUBLICATION, DISTRIBUTION, ETC. (IMPRINT)
Place of publication, distribution, etc ঢাকা :
Name of publisher, distributor, etc নওরোজ কিতাবিস্তান
Date of publication, distribution, etc 1982.
300 ## - PHYSICAL DESCRIPTION
Pagination 301 p. :
Dimensions 22 cm.
650 ## - SUBJECT ADDED ENTRY--TOPICAL TERM
Topical term or geographic name as entry element International ecoromic relations
942 ## - ADDED ENTRY ELEMENTS (KOHA)
Source of classification or shelving scheme Dewey Decimal Classification
Koha item type Books

No items available.


JCC Library | Contacts | JCC Home

Last Update on 23 September 2017
Copyright @ 2017-2020 JCC Rouf Library
Rouf Library, Jhenidah Cadet College (JCC), Bangladesh